|
|
|
|
| LEADER |
00000nam a22000007a 4500 |
| 003 |
cru CIDCACS/IIS |
| 005 |
20240719062559.0 |
| 008 |
180914b1987 cr ||||| |||| 00| 0 spa d |
| 999 |
|
|
|c 41689
|d 41689
|
| 040 |
|
|
|c cru CIDCACS/IIS
|
| 090 |
|
|
|a REV0750 (12) 1987
|
| 100 |
1 |
|
|a Hinkelammert, Franz J.
|9 4235
|
| 110 |
2 |
|
|9 7636
|a Departamento Ecuménico de Investigaciones (DEI)
|
| 245 |
1 |
|
|a Frente a la cultura de la post-modernidad :
|b proyecto político y utopía
|c Franz Hinkelammert
|
| 260 |
|
|
|a San José, Costa Rica
|b DEI
|c 1987
|
| 300 |
|
|
|a 1-9 páginas
|
| 650 |
1 |
7 |
|2 Macrotesauro OCDE
|9 7143
|a POSTMODERNIDAD
|
| 650 |
1 |
7 |
|2 Macrotesauro OCDE
|9 3691
|a POLITICA
|
| 650 |
1 |
7 |
|2 Macrotesauro OCDE
|9 82
|a LIBERALISMO
|
| 650 |
1 |
7 |
|2 Macrotesauro OCDE
|9 6050
|a ANARQUISMO
|
| 650 |
1 |
7 |
|2 Macrotesauro OCDE
|9 373
|a COMUNISMO
|
| 650 |
1 |
7 |
|2 Macrotesauro OCDE
|9 961
|a FASCISMO
|
| 651 |
1 |
0 |
|2 Macrotesauro OCDE
|9 135
|a CHILE
|
| 773 |
0 |
|
|0 41641
|9 2252
|a Departamento Ecuménico de Investigaciones (DEI)
|d San José, Costa Rica Departamento Ecuménico de Investigaciones (DEI)
|o 20038
|t Pasos /
|
| 942 |
|
|
|2 ddc
|c PP
|